[Event "Medellin de La Raza op"]
[Site "Medellin"]
[Date "2023.10.16"]
[Round "9"]
[White "Munoz Triana, Joseph Steve"]
[Black "Ospina Castro, Santiago"]
[Result "1-0"]
[WhiteElo "1912"]
[BlackElo "2068"]
[PlyCount "61"]
[EventDate "2023.10.12"]
[EventType "swiss"]
[EventRounds "10"]
[EventCountry "COL"]
[SourceTitle "Mega2024 Update 01"]
[Source "Chessbase"]
[SourceDate "2023.11.12"]
[SourceVersion "1"]
[SourceVersionDate "2023.11.12"]
[SourceQuality "1"]

1. e4 e6 2. d4 d5 3. e5 c5 4. c3 Nc6 5. Nf3 Qb6 6. a3 Nge7 7. Bd3 cxd4 8. cxd4 Nf5 9. Bxf5 exf5 10. Nc3 Be6 11. 0-0 h6 12. h4 Be7 13. b4 Rc8 14. Na4 Qd8 15. Nc5 b6 16. Nxe6 fxe6 17. h5 0-0 18. g3 b5 19. Qe2 Qb6 20. Be3 a5 21. Rfb1 axb4 22. axb4 Ra8 23. Rxa8 Rxa8 24. Ne1 Nxb4 25. Ng2 Rb8 26. Nf4 Bf8 27. g4 Qc6 28. gxf5 exf5 29. Qf3 Qc2 30. Rc1 Qe4 31. Qe2 1-0

[Event "Medellin de La Raza op"]
[Site "Medellin"]
[Date "2023.10.15"]
[Round "8"]
[White "Ospina Castro, Santiago"]
[Black "Toro Castaneda, Elizabeth"]
[Result "1/2-1/2"]
[WhiteElo "2068"]
[BlackElo "1959"]
[PlyCount "92"]
[EventDate "2023.10.12"]
[EventType "swiss"]
[EventRounds "10"]
[EventCountry "COL"]
[SourceTitle "Mega2024 Update 01"]
[Source "Chessbase"]
[SourceDate "2023.11.12"]
[SourceVersion "1"]
[SourceVersionDate "2023.11.12"]
[SourceQuality "1"]

1. e4 c5 2. Nc3 g6 3. Bc4 Bg7 4. Qf3 e6 5. Nb5 d6 6. Qg3 Be5 7. f4 Bf6 8. Nf3 Nc6 9. 0-0 a6 10. Nxd6+ Qxd6 11. e5 Qd8 12. exf6 Nxf6 13. b3 0-0 14. Bb2 b5 15. Bd3 Nh5 16. Qf2 Bb7 17. Qxc5 Nxf4 18. Be4 Nd5 19. Nd4 Rc8 20. Nxc6 Rxc6 21. Qf2 f5 22. Qd4 Qb6 23. Bxd5 Qxd4+ 24. Bxd4 exd5 25. c3 Re6 26. Rfe1 Rfe8 27. Rxe6 Rxe6 28. Kf2 Kf7 29. Kf3 Re4 30. d3 Re8 31. a4 Bc6 32. axb5 Bxb5 33. c4 dxc4 34. dxc4 Bc6+ 35. Kf2 Bb7 36. g3 Rd8 37. Ke3 Rd7 38. b4 g5 39. Be5 Ke6 40. Ra5 Rd1 41. Bc3 Rf1 42. Re5+ Kd6 43. c5+ Kd7 44. Ke2 Bg2 45. Rd5+ Bxd5 46. Kxf1 g4 1/2-1/2

[Event "Medellin de La Raza op"]
[Site "Medellin"]
[Date "2023.10.14"]
[Round "6"]
[White "Ospina Castro, Santiago"]
[Black "Borre Meza, Orlando David"]
[Result "1-0"]
[WhiteElo "2068"]
[BlackElo "1760"]
[PlyCount "53"]
[EventDate "2023.10.12"]
[EventType "swiss"]
[EventRounds "10"]
[EventCountry "COL"]
[SourceTitle "Mega2024 Update 01"]
[Source "Chessbase"]
[SourceDate "2023.11.12"]
[SourceVersion "1"]
[SourceVersionDate "2023.11.12"]
[SourceQuality "1"]

1. Nf3 d5 2. b3 Nf6 3. Bb2 e6 4. c4 Be7 5. e3 b6 6. cxd5 exd5 7. d4 0-0 8. Bd3 c5 9. 0-0 Bg4 10. h3 Bh5 11. dxc5 bxc5 12. Nbd2 Nc6 13. Rc1 Rc8 14. Bf5 Rc7 15. Qc2 Nb4 16. Qb1 Bg6 17. Bxg6 hxg6 18. Rfd1 Qc8 19. Ne5 Qe6 20. Nd3 Nxd3 21. Qxd3 Rd8 22. Qb5 Qb6 23. Qa4 c4 24. Bd4 Bc5 25. Bxf6 Qxf6 26. bxc4 d4 27. Ne4 1-0

[Event "COL-ch Students"]
[Site "Santa Fe"]
[Date "2023.09.25"]
[Round "6"]
[White "Soto Gonzalez, Miguel Angel"]
[Black "Ospina Castro, Santiago"]
[Result "1-0"]
[WhiteElo "2359"]
[BlackElo "2069"]
[PlyCount "109"]
[EventDate "2023.09.23"]
[EventType "swiss"]
[EventRounds "6"]
[EventCountry "COL"]
[SourceTitle "EXT 2024"]
[Source "ChessBase"]
[SourceDate "2023.10.10"]
[SourceVersion "1"]
[SourceVersionDate "2023.10.10"]
[SourceQuality "1"]

1. e4 e6 2. d4 d5 3. Nc3 Nf6 4. e5 Nfd7 5. Nce2 c5 6. c3 Nc6 7. Nf3 cxd4 8. cxd4 Qb6 9. a3 Be7 10. h4 Na5 11. Nf4 Nb3 12. Rb1 Qa5+ 13. Bd2 Nxd2 14. Qxd2 Qxd2+ 15. Kxd2 Nb6 16. Bd3 Bd7 17. h5 h6 18. Rh3 Rc8 19. Rg3 0-0 20. Ne2 Nc4+ 21. Bxc4 Rxc4 22. Ne1 Rfc8 23. Rc3 b5 24. b4 a5 25. Nd3 axb4 26. Nxb4 Ra8 27. Nc2 Kf8 28. Rcb3 Bd8 29. Kd3 Ba5 30. f4 Ke7 31. g4 f6 32. Ne3 Rcc8 33. exf6+ gxf6 34. f5 Bc7 35. fxe6 Bxe6 36. Nc3 Rd8 37. Rf1 Ra5 38. Nf5+ Bxf5+ 39. Rxf5 Ke6 40. Nxb5 Bd6 41. Ke2 Be7 42. Nc7+ Kf7 43. Rb5 Rxb5 44. Nxb5 Ke6 45. Nc7+ Kd7 46. Nxd5 Bxa3 47. Rxf6 Bc1 48. Kd3 Rg8 49. Rxh6 Bxh6 50. Nf6+ Ke6 51. Nxg8 Bg5 52. Ke4 Kf7 53. Kf5 Bd8 54. Nh6+ Kg7 55. g5 1-0

[Event "COL-ch Students"]
[Site "Santa Fe"]
[Date "2023.09.23"]
[Round "1"]
[White "Ospina Castro, Santiago"]
[Black "Barrios Gonzalez, Jesus David"]
[Result "1-0"]
[WhiteElo "2069"]
[BlackElo "1566"]
[PlyCount "51"]
[EventDate "2023.09.23"]
[EventType "swiss"]
[EventRounds "6"]
[EventCountry "COL"]
[SourceTitle "EXT 2024"]
[Source "ChessBase"]
[SourceDate "2023.10.10"]
[SourceVersion "1"]
[SourceVersionDate "2023.10.10"]
[SourceQuality "1"]

1. e4 e6 2. Nf3 d5 3. Nc3 Nf6 4. e5 Nfd7 5. d4 c5 6. dxc5 Bxc5 7. Bd3 Nc6 8. Bf4 a6 9. 0-0 f6 10. exf6 Nxf6 11. Qe2 0-0 12. Ne5 Qe8 13. Bg3 Nh5 14. Rae1 Nxg3 15. hxg3 Nxe5 16. Qxe5 Bd7 17. Nxd5 Qf7 18. Nf6+ gxf6 19. Qxc5 Rae8 20. Re4 f5 21. Re5 Rc8 22. Qe3 f4 23. Rg5+ Kh8 24. Qe5+ Qf6 25. gxf4 Ba4 26. Qe4 1-0

[Event "Bucaramanga op"]
[Site "Bucaramanga"]
[Date "2023.09.07"]
[Round "4"]
[White "Rueda Rojas, Richard Alejandro"]
[Black "Ospina Castro, Santiago"]
[Result "0-1"]
[WhiteElo "1867"]
[BlackElo "2069"]
[PlyCount "78"]
[EventDate "2023.09.06"]
[EventType "swiss"]
[EventRounds "9"]
[EventCountry "COL"]
[SourceTitle "EXT 2024"]
[Source "ChessBase"]
[SourceDate "2023.10.10"]
[SourceVersion "1"]
[SourceVersionDate "2023.10.10"]
[SourceQuality "1"]

1. d4 c5 2. Bf4 Nf6 3. e3 e6 4. c3 cxd4 5. exd4 b6 6. Nd2 Bb7 7. Ngf3 Nh5 8. Bg5 Be7 9. Bxe7 Qxe7 10. Bc4 Nf4 11. 0-0 0-0 12. Re1 Nc6 13. Bf1 d6 14. a4 Qc7 15. Nb3 a6 16. Nc1 Na5 17. Nd3 Ng6 18. Nb4 Nc4 19. Nd2 Nxd2 20. Qxd2 a5 21. Nc2 e5 22. dxe5 dxe5 23. Ne3 Rad8 24. Qc2 Nf4 25. Nc4 e4 26. Qb3 Nd5 27. Rxe4 Nxc3 28. Rh4 Nd5 29. Re1 Nb4 30. Re3 Rfe8 31. Reh3 h6 32. Rg3 Kh7 33. Rhg4 g6 34. Nxb6 Re1 35. Nc4 Rdd1 36. Ne3 Rd3 37. Qc4 Qxc4 38. Rxc4 Ba6 39. Rc7 Rdxe3 0-1

[Event "Medellin Flores op 30th"]
[Site "Medellin"]
[Date "2023.08.06"]
[Round "7"]
[White "Ospina Castro, Santiago"]
[Black "Cordoba Roa, Angel Gabriel"]
[Result "0-1"]
[WhiteElo "2041"]
[BlackElo "2258"]
[PlyCount "88"]
[EventDate "2023.08.03"]
[EventType "swiss"]
[EventRounds "9"]
[EventCountry "COL"]
[SourceTitle "CBM 215 Extra"]
[Source "ChessBase"]
[SourceDate "2023.09.30"]
[SourceVersion "1"]
[SourceVersionDate "2023.09.30"]
[SourceQuality "1"]

1. e4 e5 2. Nf3 Nc6 3. Bc4 Bc5 4. 0-0 Nf6 5. d3 d6 6. c3 a5 7. Nbd2 0-0 8. h3 Ba7 9. Re1 h6 10. Nf1 Re8 11. Ng3 Be6 12. Bb5 Bd7 13. a4 Ne7 14. Bxd7 Qxd7 15. d4 Nc6 16. dxe5 dxe5 17. Qb3 Red8 18. Be3 Bxe3 19. Rxe3 Qe6 20. Qb5 Ne8 21. Ree1 Nd6 22. Qd5 Nc4 23. Qxe6 fxe6 24. b3 Nd2 25. Nxd2 Rxd2 26. Kf1 Rad8 27. Re2 R2d3 28. Rc1 Nb8 29. Rec2 Nd7 30. Ke2 Nc5 31. Rb1 c6 32. f3 b5 33. Nf1 bxa4 34. b4 axb4 35. cxb4 Nb3 36. Rxc6 R3d6 37. Rxd6 Rxd6 38. Rb2 Nc1+ 39. Ke3 Rd3+ 40. Kf2 Rc3 41. Rb1 a3 42. Ra1 Nd3+ 43. Ke2 Nxb4 44. Ne3 Rxe3+ 0-1

[Event "Medellin Flores op 30th"]
[Site "Medellin"]
[Date "2023.08.05"]
[Round "4"]
[White "Palencia Morales, Wilson Guillermo"]
[Black "Ospina Castro, Santiago"]
[Result "1/2-1/2"]
[WhiteElo "2283"]
[BlackElo "2041"]
[PlyCount "118"]
[EventDate "2023.08.03"]
[EventType "swiss"]
[EventRounds "9"]
[EventCountry "COL"]
[SourceTitle "CBM 215 Extra"]
[Source "ChessBase"]
[SourceDate "2023.09.30"]
[SourceVersion "1"]
[SourceVersionDate "2023.09.30"]
[SourceQuality "1"]

1. e4 c5 2. c3 Nf6 3. e5 Nd5 4. d4 cxd4 5. cxd4 d6 6. exd6 Qxd6 7. Nc3 Nc6 8. Be3 Bf5 9. Nf3 e6 10. Bb5 Be7 11. 0-0 0-0 12. Rc1 Rac8 13. h3 Rfd8 14. Qd2 a6 15. Be2 Nxc3 16. bxc3 Qa3 17. Bf4 Bf6 18. Rfe1 b5 19. Qe3 h6 20. g4 Bg6 21. h4 Be7 22. h5 Bh7 23. g5 hxg5 24. Nxg5 Bf5 25. Qg3 Bd6 26. Bg4 Bxf4 27. Qxf4 Ne7 28. h6 gxh6 29. Bxf5 Nxf5 30. Ne4 Qe7 31. Qe5 Qc7 32. Nf6+ Kh8 33. Qe4 Qc6 34. d5 Qc4 35. Qe5 Qc7 36. Qe4 Qc4 37. Qe5 Qc7 38. dxe6 Qxe5 39. Rxe5 fxe6 40. Rxe6 Rd6 41. Rxd6 Nxd6 42. Rd1 Rc6 43. Kg2 Nf5 44. Ne4 Kg7 45. Kf3 Kf7 46. Kf4 Ne7 47. Rd7 Ke6 48. Rd3 Nd5+ 49. Kg4 Ke5 50. f3 Rg6+ 51. Kh4 Rg2 52. a4 bxa4 53. c4 Ne7 54. Ra3 Rc2 55. c5 Kf4 56. Kh3 Nc6 57. Rxa4 Kxf3 58. Rxa6 Nd4 59. Ng3 Rxc5 1/2-1/2

[Event "Sabaneta op-A 2nd"]
[Site "Sabaneta Antioquia"]
[Date "2023.07.02"]
[Round "7"]
[White "Toro Ramirez, Samuel"]
[Black "Ospina Castro, Santiago"]
[Result "0-1"]
[WhiteElo "1769"]
[BlackElo "2005"]
[PlyCount "112"]
[EventDate "2023.06.28"]
[EventType "swiss"]
[EventRounds "9"]
[EventCountry "COL"]
[SourceTitle "CBM 215 Extra"]
[Source "ChessBase"]
[SourceDate "2023.09.30"]
[SourceVersion "1"]
[SourceVersionDate "2023.09.30"]
[SourceQuality "1"]

1. e4 c5 2. Nf3 d6 3. d4 cxd4 4. Nxd4 Nf6 5. Nc3 Nc6 6. Bg5 e6 7. Qd2 a6 8. 0-0-0 Bd7 9. f3 Be7 10. Kb1 0-0 11. h4 h6 12. Be3 h5 13. Bd3 Ne5 14. Rdg1 b5 15. g4 b4 16. Nd1 hxg4 17. f4 Nxd3 18. cxd3 e5 19. Ne2 Qa5 20. Nf2 Rfd8 21. d4 exd4 22. Nxd4 d5 23. e5 Ne4 24. Qe2 Nxf2 25. Qxf2 Bc5 26. f5 Bxd4 27. Bxd4 b3 28. a3 Qb5 29. Rd1 Qc6 30. Rhf1 Qc2+ 31. Qxc2 bxc2+ 32. Kxc2 Rdc8+ 33. Kd2 Rc4 34. Ke3 Rac8 35. Kf4 Kh7 36. h5 Rb8 37. Kg5 Ba4 38. Rd2 Bc2 39. Rc1 Rbc8 40. Bc3 Be4 41. Rg1 Bf3 42. e6 fxe6 43. fxe6 Re8 44. Kf5 Re4 45. Rxd5 R4xe6 46. Rd7 R6e7 47. Rd6 Be2 48. Kg5 Re6 49. Rd7 R8e7 50. Rd8 Re3 51. Rh1 Rh3 52. Rg1 g3 53. Kf4 Rf7+ 54. Ke3 Bxh5 55. Be5 g2+ 56. Ke4 Rh1 0-1

[Event "Sabaneta op-A 2nd"]
[Site "Sabaneta Antioquia"]
[Date "2023.06.28"]
[Round "1"]
[White "Cori, Jorge Moise"]
[Black "Ospina Castro, Santiago"]
[Result "1-0"]
[WhiteElo "2636"]
[BlackElo "2005"]
[PlyCount "57"]
[EventDate "2023.06.28"]
[EventType "swiss"]
[EventRounds "9"]
[EventCountry "COL"]
[SourceTitle "CBM 215 Extra"]
[Source "ChessBase"]
[SourceDate "2023.09.30"]
[SourceVersion "1"]
[SourceVersionDate "2023.09.30"]
[SourceQuality "1"]

1. e4 c5 2. Nf3 d6 3. Bb5+ Bd7 4. Bxd7+ Nxd7 5. 0-0 Ngf6 6. Qe2 e6 7. c3 Be7 8. d4 cxd4 9. cxd4 0-0 10. Nc3 Nb6 11. b3 Rc8 12. Bd2 d5 13. e5 Nfd7 14. a4 Nb8 15. a5 Na8 16. Rfc1 Qd7 17. h4 Rc6 18. Qd3 Rfc8 19. Ng5 Bxg5 20. hxg5 Nc7 21. g4 a6 22. Kg2 Nb5 23. Rh1 Nxc3 24. Qxh7+ Kf8 25. Qh8+ Ke7 26. Qxg7 Ne4 27. g6 Kd8 28. gxf7 Kc7 29. Bb4 1-0

[Event "Medellin Easter op 11th"]
[Site "Medellin"]
[Date "2023.04.06"]
[Round "2"]
[White "Guerrero, Hernando"]
[Black "Ospina Castro, Santiago"]
[Result "1-0"]
[WhiteElo "1690"]
[BlackElo "2003"]
[PlyCount "35"]
[EventDate "2023.04.05"]
[EventType "swiss"]
[EventRounds "7"]
[EventCountry "COL"]
[SourceTitle "CBM 213 Extra"]
[Source "ChessBase"]
[SourceDate "2023.05.31"]
[SourceVersion "1"]
[SourceVersionDate "2023.05.31"]
[SourceQuality "1"]

1. e4 c5 2. Nf3 d6 3. d4 cxd4 4. Nxd4 Nf6 5. Nc3 Nc6 6. Be2 e5 7. Nb3 Be7 8. 0-0 0-0 9. a3 a5 10. Be3 a4 11. Nd2 Nd4 12. Nf3 Nxf3+ 13. Bxf3 Qa5 14. Bg5 Rd8 15. Bxf6 Bxf6 16. Nd5 Bg5 17. b4 axb3 18. cxb3 1-0

[Event "Medellin Easter op 11th"]
[Site "Medellin"]
[Date "2023.04.05"]
[Round "1"]
[White "Ospina Castro, Santiago"]
[Black "Garcia Ospina, Sebastian"]
[Result "1-0"]
[WhiteElo "2003"]
[BlackElo "1261"]
[PlyCount "57"]
[EventDate "2023.04.05"]
[EventType "swiss"]
[EventRounds "7"]
[EventCountry "COL"]
[SourceTitle "CBM 213 Extra"]
[Source "ChessBase"]
[SourceDate "2023.05.31"]
[SourceVersion "1"]
[SourceVersionDate "2023.05.31"]
[SourceQuality "1"]

1. e4 d6 2. d4 Nf6 3. Nc3 g6 4. Nf3 Bg7 5. Be2 0-0 6. 0-0 Bg4 7. h3 Bxf3 8. Bxf3 e5 9. Ne2 Nc6 10. c3 Re8 11. Ng3 Qd7 12. Be3 h5 13. Qc2 Nh7 14. Rad1 h4 15. Ne2 f5 16. exf5 gxf5 17. dxe5 Bxe5 18. Qb3+ Kg7 19. Qxb7 Ne7 20. Qb4 Rab8 21. Qxh4 Qe6 22. Nd4 Qf6 23. Qxf6+ Kxf6 24. b3 c5 25. Nc6 Nxc6 26. Bxc6 Rg8 27. f4 Rg3 28. fxe5+ Kxe5 29. Bf4+ 1-0

[Event "Sabaneta op-A 1st"]
[Site "Sabaneta"]
[Date "2022.11.28"]
[Round "5"]
[White "Wong Pages, Juan Diego"]
[Black "Ospina Castro, Santiago"]
[Result "1/2-1/2"]
[WhiteElo "2011"]
[BlackElo "2041"]
[PlyCount "79"]
[EventDate "2022.11.25"]
[EventType "swiss"]
[EventRounds "10"]
[EventCountry "COL"]
[SourceTitle "CBM 211 Extra"]
[Source "ChessBase"]
[SourceDate "2023.01.31"]
[SourceVersion "1"]
[SourceVersionDate "2023.01.31"]
[SourceQuality "1"]

1. e4 c5 2. Nf3 d6 3. d4 cxd4 4. Nxd4 Nf6 5. Nc3 Nc6 6. Bg5 e6 7. Nb3 Be7 8. Qd2 a6 9. a4 h6 10. Bh4 Nxe4 11. Nxe4 Bxh4 12. Nxd6+ Ke7 13. Rd1 Qb6 14. a5 Qb4 15. g3 Bf6 16. Qxb4 Nxb4 17. c3 Nd5 18. Nxc8+ Raxc8 19. Bg2 Rhd8 20. Ke2 b6 21. Rd3 Nxc3+ 22. Rxc3 Bxc3 23. bxc3 Rxc3 24. Rb1 bxa5 25. Nxa5 Rc2+ 26. Ke3 Kf6 27. Be4 Rc3+ 28. Ke2 Rd4 29. f3 Ra4 30. Nb3 Ra2+ 31. Nd2 a5 32. Rb7 Rc1 33. f4 g5 34. Bb1 Rxd2+ 35. Kxd2 Rh1 36. fxg5+ hxg5 37. Be4 Rxh2+ 38. Ke3 Kg7 39. Rb5 f5 40. Bxf5 1/2-1/2

[Event "Sabaneta op-A 1st"]
[Site "Sabaneta"]
[Date "2022.11.27"]
[Round "3"]
[White "Moncada Correa, Sara"]
[Black "Ospina Castro, Santiago"]
[Result "0-1"]
[WhiteElo "2018"]
[BlackElo "2041"]
[PlyCount "48"]
[EventDate "2022.11.25"]
[EventType "swiss"]
[EventRounds "10"]
[EventCountry "COL"]
[SourceTitle "CBM 211 Extra"]
[Source "ChessBase"]
[SourceDate "2023.01.31"]
[SourceVersion "1"]
[SourceVersionDate "2023.01.31"]
[SourceQuality "1"]

1. Nf3 d5 2. d4 Nf6 3. c4 e6 4. Nc3 Be7 5. Bf4 0-0 6. e3 Nbd7 7. c5 c6 8. Bd3 b6 9. b4 a5 10. a3 Ba6 11. Bxa6 Rxa6 12. b5 cxb5 13. c6 b4 14. Nb5 bxa3 15. 0-0 Ne4 16. cxd7 Qxd7 17. Qd3 Raa8 18. Bc7 f6 19. Rfc1 Rfc8 20. Rc2 Bb4 21. Rac1 a2 22. Rxa2 Nd6 23. Rca1 Nc4 24. Bxb6 Qxb5 0-1

[Event "Sabaneta op-A 1st"]
[Site "Sabaneta"]
[Date "2022.11.27"]
[Round "4"]
[White "Ospina Castro, Santiago"]
[Black "Leon Acevedo, Juan Alejandro"]
[Result "1/2-1/2"]
[WhiteElo "2041"]
[BlackElo "1829"]
[PlyCount "40"]
[EventDate "2022.11.25"]
[EventType "swiss"]
[EventRounds "10"]
[EventCountry "COL"]
[SourceTitle "CBM 211 Extra"]
[Source "ChessBase"]
[SourceDate "2023.01.31"]
[SourceVersion "1"]
[SourceVersionDate "2023.01.31"]
[SourceQuality "1"]

1. e4 c5 2. Nf3 Nc6 3. d4 cxd4 4. Nxd4 Nf6 5. Nc3 e5 6. Ndb5 d6 7. Bg5 a6 8. Na3 b5 9. Nd5 Be7 10. Bxf6 Bxf6 11. c4 b4 12. Nc2 Rb8 13. b3 a5 14. Qf3 Bg5 15. Bd3 0-0 16. 0-0 Ne7 17. Nce3 Nc6 18. Nc2 Ne7 19. Nce3 Nc6 20. Nc2 Ne7 1/2-1/2

[Event "Sabaneta op-A 1st"]
[Site "Sabaneta"]
[Date "2022.11.26"]
[Round "2"]
[White "Ospina Castro, Santiago"]
[Black "Gonzalez Velasco, Leandro"]
[Result "0-1"]
[WhiteElo "2041"]
[BlackElo "1915"]
[PlyCount "92"]
[EventDate "2022.11.25"]
[EventType "swiss"]
[EventRounds "10"]
[EventCountry "COL"]
[SourceTitle "CBM 211 Extra"]
[Source "ChessBase"]
[SourceDate "2023.01.31"]
[SourceVersion "1"]
[SourceVersionDate "2023.01.31"]
[SourceQuality "1"]

1. Nf3 Nf6 2. b3 g6 3. Bb2 Bg7 4. g3 0-0 5. Bg2 d5 6. c4 c5 7. cxd5 Qxd5 8. Nc3 Qd8 9. Rc1 Nfd7 10. Qc2 Nc6 11. Na4 Nd4 12. Nxd4 cxd4 13. 0-0 Rb8 14. d3 b5 15. Nc5 Nb6 16. Qd2 Nd5 17. Bxd5 Qxd5 18. e4 dxe3 19. fxe3 Bh6 20. Qf2 Bh3 21. Rfe1 f5 22. d4 f4 23. gxf4 Bxf4 24. Rc2 Qg5+ 25. Kh1 Bxe3 26. Qg3 Qd5+ 27. Rg2 Bxg2+ 28. Qxg2 Rf3 29. Nd7 Rd8 30. Ne5 Rf2 31. Qxd5+ Rxd5 32. Nc6 Bg5 33. Ba3 Rxa2 34. Bxe7 Rb2 35. h4 Bd2 36. Ra1 Rc2 37. Bc5 Rh5 38. Rxa7 Rxh4+ 39. Kg2 Bg5+ 40. Kf3 Rc3+ 41. Kg2 Rg4+ 42. Kf2 Bh4+ 43. Kf1 Rf4+ 44. Ke2 Rf2+ 45. Kd1 Rd3+ 46. Ke1 Rh2+ 0-1

[Event "Medellin Raza Cup"]
[Site "Medellin"]
[Date "2022.10.23"]
[Round "9"]
[White "Ospina Castro, Santiago"]
[Black "Velez Alvarez, Laura Camila"]
[Result "1-0"]
[WhiteElo "2054"]
[BlackElo "1798"]
[PlyCount "53"]
[EventDate "2022.10.19"]
[EventType "swiss"]
[EventRounds "10"]
[EventCountry "COL"]
[SourceTitle "EXT 2024"]
[Source "ChessBase"]
[SourceDate "2023.10.10"]
[SourceVersion "1"]
[SourceVersionDate "2023.10.10"]
[SourceQuality "1"]

1. e4 c5 2. Nf3 d6 3. d4 cxd4 4. Nxd4 Nf6 5. Nc3 g6 6. Be3 Bg7 7. f3 0-0 8. Qd2 Nc6 9. 0-0-0 d5 10. exd5 Nxd5 11. Nxc6 bxc6 12. Bd4 e5 13. Bc5 Be6 14. Ne4 Re8 15. h4 Rb8 16. Bc4 Qd7 17. h5 Qb7 18. Bb3 Qa6 19. hxg6 Rxb3 20. gxf7+ Bxf7 21. cxb3 Qxa2 22. Qc2 Bg6 23. Qc4 Rb8 24. Kc2 Bf7 25. Ra1 Nb4+ 26. Qxb4 Bxb3+ 27. Kc3 1-0

[Event "Medellin Raza Cup"]
[Site "Medellin"]
[Date "2022.10.23"]
[Round "10"]
[White "Valdes Martinez, Miguel A"]
[Black "Ospina Castro, Santiago"]
[Result "1/2-1/2"]
[WhiteElo "2113"]
[BlackElo "2054"]
[PlyCount "130"]
[EventDate "2022.10.19"]
[EventType "swiss"]
[EventRounds "10"]
[EventCountry "COL"]
[SourceTitle "EXT 2024"]
[Source "ChessBase"]
[SourceDate "2023.10.10"]
[SourceVersion "1"]
[SourceVersionDate "2023.10.10"]
[SourceQuality "1"]

1. e4 e6 2. d3 d5 3. Nd2 Nf6 4. g3 Nc6 5. Bg2 dxe4 6. dxe4 e5 7. Ngf3 Bc5 8. 0-0 0-0 9. Qe2 Qe7 10. h3 Rd8 11. Re1 a5 12. Nb3 Bd6 13. c3 a4 14. Nbd2 b6 15. Nf1 Ba6 16. Qc2 Bc5 17. Bg5 Bd3 18. Qc1 h6 19. Bxf6 Qxf6 20. b4 axb3 21. axb3 Bxf1 22. Rxf1 b5 23. b4 Bb6 24. Qc2 Ne7 25. Qe2 Qc6 26. Rxa8 Rxa8 27. Nxe5 Qxc3 28. Nd7 Qxb4 29. e5 Rd8 30. e6 Qc4 31. exf7+ Qxf7 32. Rd1 Kh8 33. Nxb6 Rxd1+ 34. Qxd1 cxb6 35. Qd8+ Kh7 36. Qxb6 Qc4 37. Bf1 Qc6 38. Qb8 Qf6 39. Qxb5 g6 40. Qe8 Kg7 41. Bc4 Qa1+ 42. Kg2 Qf6 43. Bb3 Qc6+ 44. Qxc6 Nxc6 45. Bd5 Ne7 46. Be4 Kf6 47. h4 Nc8 48. g4 g5 49. Kg3 Nd6 50. Bd3 Nf7 51. f4 gxf4+ 52. Kxf4 Nd6 53. Ba6 Nf7 54. Ke4 Ne5 55. Be2 Nxg4 56. Bxg4 h5 57. Bf5 Kg7 58. Ke5 Kh6 59. Be4 Kg7 60. Kf5 Kh8 61. Kg6 Kg8 62. Kxh5 Kg7 63. Kg5 Kh8 64. Kh6 Kg8 65. h5 Kh8 1/2-1/2

[Event "Medellin Raza Cup"]
[Site "Medellin"]
[Date "2022.10.22"]
[Round "7"]
[White "Ospina Castro, Santiago"]
[Black "Cuervo Velasquez, Juan Manuel"]
[Result "1-0"]
[WhiteElo "2054"]
[BlackElo "1803"]
[PlyCount "70"]
[EventDate "2022.10.19"]
[EventType "swiss"]
[EventRounds "10"]
[EventCountry "COL"]
[SourceTitle "EXT 2024"]
[Source "ChessBase"]
[SourceDate "2023.10.10"]
[SourceVersion "1"]
[SourceVersionDate "2023.10.10"]
[SourceQuality "1"]

1. e4 c5 2. Nf3 d6 3. d4 cxd4 4. Nxd4 Nf6 5. Nc3 a6 6. Be2 e5 7. Nb3 Be7 8. 0-0 0-0 9. Be3 Be6 10. Qd3 Nc6 11. a3 Qb8 12. Nd5 Bd8 13. Rfd1 Bxd5 14. exd5 Ne7 15. c4 b5 16. cxb5 axb5 17. Bg5 Nfxd5 18. Bf3 Ra6 19. Be4 h6 20. Bxh6 gxh6 21. Bxd5 Nxd5 22. Qxd5 Bg5 23. g3 Rc8 24. h4 Be7 25. Rd3 Rac6 26. Rf3 Bf8 27. Rxf7 Kh8 28. Rxf8+ Rxf8 29. Qxc6 Qa7 30. Rf1 Qf7 31. Qxb5 e4 32. Nd4 Qf6 33. Nc6 Rg8 34. Qd5 Qg6 35. Ne7 Qxg3+ 1-0

[Event "Medellin Feria de las Flores op"]
[Site "Medellin"]
[Date "2022.08.07"]
[Round "8"]
[White "Garces Trujillo, Luis Javier"]
[Black "Ospina Castro, Santiago"]
[Result "1/2-1/2"]
[WhiteElo "1852"]
[BlackElo "2079"]
[PlyCount "87"]
[EventDate "2022.08.03"]
[EventType "swiss"]
[EventRounds "9"]
[EventCountry "COL"]
[SourceTitle "CBM 209 Extra"]
[Source "ChessBase"]
[SourceDate "2022.09.30"]
[SourceVersion "1"]
[SourceVersionDate "2022.09.30"]
[SourceQuality "1"]

1. d4 Nf6 2. c4 e6 3. Nc3 d5 4. Nf3 Be7 5. cxd5 exd5 6. Bf4 c6 7. e3 Bf5 8. Bd3 Bxd3 9. Qxd3 0-0 10. 0-0 Nbd7 11. Rab1 a5 12. Rfc1 a4 13. b4 axb3 14. axb3 Ba3 15. Rc2 Bb4 16. Na2 Qe7 17. Nxb4 Qxb4 18. Qd2 Qb5 19. Qe2 Qxe2 20. Rxe2 Ne4 21. Rc2 Ra3 22. h3 Rfa8 23. b4 Nb6 24. b5 Nc3 25. bxc6 Nxb1 26. cxb7 Nc4 27. bxa8Q+ Rxa8 28. Ne5 Ra1 29. Kh2 Nbd2 30. g4 f6 31. Nxc4 Nxc4 32. e4 Rd1 33. exd5 Rxd4 34. Bg3 Kf7 35. Bb8 Kg6 36. Ba7 Na3 37. Bxd4 Nxc2 38. Bc5 Ne1 39. Bb4 Nd3 40. Bc3 Kf7 41. Kg3 Ke7 42. Kf3 Kd6 43. Ke3 Nc5 44. Kd4 1/2-1/2

[Event "Medellin Feria de las Flores op"]
[Site "Medellin"]
[Date "2022.08.07"]
[Round "9"]
[White "Ospina Castro, Santiago"]
[Black "Rueda Rojas, Richard Alejandro"]
[Result "1-0"]
[WhiteElo "2079"]
[BlackElo "1616"]
[PlyCount "45"]
[EventDate "2022.08.03"]
[EventType "swiss"]
[EventRounds "9"]
[EventCountry "COL"]
[SourceTitle "CBM 209 Extra"]
[Source "ChessBase"]
[SourceDate "2022.09.30"]
[SourceVersion "1"]
[SourceVersionDate "2022.09.30"]
[SourceQuality "1"]

1. e4 d6 2. d4 Nf6 3. Nc3 g6 4. Nf3 Bg7 5. Be2 0-0 6. h3 Nbd7 7. 0-0 e5 8. dxe5 dxe5 9. Be3 c6 10. a4 a5 11. Qd6 Ne8 12. Qd2 Qc7 13. Rfd1 Nef6 14. Bc4 Nh5 15. Ne2 Ndf6 16. Ng5 b5 17. Ba2 Bb7 18. Bc5 h6 19. Bxf8 hxg5 20. Bxg7 Kxg7 21. Qxg5 Nxe4 22. Qe3 Nef6 23. Nc3 1-0